header

In the houses of the Holy (Record no. 69615)

MARC details
000 -LEADER
fixed length control field 01385nam a22003374a 4500
082 04 - DEWEY DECIMAL CLASSIFICATION NUMBER
Classification number 782.42166/092/2
100 1# - MAIN ENTRY--AUTHOR NAME
Personal name Fast, Susan.
245 10 - TITLE STATEMENT
Title In the houses of the Holy
260 ## - PUBLICATION, DISTRIBUTION, ETC. (IMPRINT)
Place of publication Oxford ;
-- New York :
Name of publisher Oxford University Press,
Year of publication 2001.
300 ## - PHYSICAL DESCRIPTION
Number of Pages vii, 247 p. :
Other physical details ill.
650 #0 - SUBJECT ADDED ENTRY--TOPICAL TERM
Topical Term Rock music
Topical Term Gender identity in music.
Topical Term Subjectivity in music.
Topical Term Sex in music.
856 40 - ELECTRONIC LOCATION AND ACCESS
Uniform Resource Identifier http://site.ebrary.com/lib/rucke/Doc?id=10087308

No items available.

© 2026 Rongo University
Contact us: librarian | system librarian | Rongo university